[Event "Frankfurt Ch B 2018"]
[Site "Ffm-HÃ¶chst, BiKuZ"]
[Date "2018.06.11"]
[Round "6.6"]
[White "DrÃ¶ser, Wolfgang"]
[Black "Giebitz, Walter"]
[Result "1/2-1/2"]
[WhiteElo "1260"]
[BlackElo "1270"]
[PlyCount "38"]
[EventDate "2018.??.??"]
[WhiteTeam "SC Sulzbach"]
[BlackTeam "SC Steinbach"]

1. f4 d5 2. Nf3 Nc6 3. e3 Nf6 4. b3 g6 5. Bb2 Bg7 6. Be2 O-O 7. d3 Ng4 8. Bxg7
Kxg7 9. Qd2 e5 10. g3 e4 11. Qc3+ Qf6 12. Qxf6+ Kxf6 13. dxe4 dxe4 14. Ng5 Kg7
15. Bxg4 Bxg4 16. h3 h6 17. hxg4 hxg5 18. Nc3 Rad8 19. Ke2 f5 1/2-1/2

[Event "Frankfurt Ch B 2018"]
[Site "Ffm-Höchst, BiKuZ"]
[Date "2018.06.11"]
[Round "6.7"]
[White "Peschk, Kathrin"]
[Black "Falk, Aniko Tim"]
[Result "1/2-1/2"]
[WhiteElo "1234"]
[BlackElo "1293"]
[PlyCount "54"]
[EventDate "2018.??.??"]
[WhiteTeam "SV Groß-Gerau"]
[BlackTeam "SK Hungen"]

1. e4 c5 2. Nf3 Nc6 3. d4 e6 4. Bc4 d5 5. exd5 exd5 6. Bb5 Bd7 7. Nc3 Nf6 8.
Qe2+ Be7 9. dxc5 O-O 10. O-O Bxc5 11. Bg5 Nd4 12. Nxd4 Bxd4 13. Bxd7 Qxd7 14.
Bxf6 Bxf6 15. Qd3 Qc6 16. Qxd5 Bxc3 17. Qxc6 bxc6 18. bxc3 Rab8 19. Rab1 Rb5
20. Rb3 Rc8 21. f3 a5 22. a4 Rc5 23. Rfb1 g6 24. Kf2 Rc4 25. Ra1 Kg7 26. Ke3
Rd8 27. Ke2 Kf6 1/2-1/2

[Event "Frankfurt Ch B 2018"]
[Site "Ffm-Höchst, BiKuZ"]
[Date "2018.06.11"]
[Round "6.10"]
[White "Brunner, Andreas"]
[Black "Grünzig, Matthias"]
[Result "1/2-1/2"]
[WhiteElo "1387"]
[BlackElo "1347"]
[PlyCount "40"]
[EventDate "2018.??.??"]
[WhiteTeam "FV Berkersheim"]
[BlackTeam "FV Berkersheim"]

1. d4 d5 2. c4 e6 3. Nc3 Nf6 4. Bg5 Be7 5. e3 b6 6. Nf3 Bb7 7. Bd3 Nbd7 8. O-O
c5 9. Rc1 cxd4 10. exd4 dxc4 11. Bxc4 O-O 12. Re1 Rc8 13. Bd3 Nd5 14. Bxe7 Nxe7
15. Be4 Bxe4 16. Nxe4 Nd5 17. Rxc8 Qxc8 18. Ne5 N7f6 19. h3 Nxe4 20. Rxe4 Qc7
1/2-1/2

[Event "Frankfurt Ch B 2018"]
[Site "Ffm-Höchst, BiKuZ"]
[Date "2018.06.11"]
[Round "6.11"]
[White "Barth, Horst"]
[Black "Winter, Thomas"]
[Result "0-1"]
[WhiteElo "1168"]
[BlackElo "1345"]
[PlyCount "60"]
[EventDate "2018.??.??"]
[WhiteTeam "SF Mainz"]
[BlackTeam "SV Oberursel"]

1. e4 d6 2. d4 Nf6 3. Nf3 Nxe4 4. Bd3 Nf6 5. O-O g6 6. c4 Bg7 7. Be3 O-O 8.
Nbd2 Re8 9. Bc2 Nbd7 10. Bf4 b6 11. Re1 Bb7 12. Ba4 Nh5 13. Bg5 h6 14. Be3 c6
15. Rc1 e5 16. Ne4 Qc7 17. Qd2 f5 18. Bxh6 fxe4 19. Rxe4 Nhf6 20. Rh4 Nf8 21.
Bc2 Re7 22. Bxg7 Rxg7 23. Qg5 Qf7 24. Bb3 Ne6 25. Qe3 exd4 26. Nxd4 Nxd4 27.
Qxd4 Qe7 28. Kf1 c5 29. Re1 Qxe1+ 30. Kxe1 cxd4 0-1

[Event "Frankfurt Ch B 2018"]
[Site "Ffm-Höchst, BiKuZ"]
[Date "2018.06.11"]
[Round "6.12"]
[White "Brand, Achim"]
[Black "Tryfon, Konstantin"]
[Result "0-1"]
[WhiteElo "1343"]
[BlackElo "948"]
[PlyCount "44"]
[EventDate "2018.??.??"]
[WhiteTeam "SVG Echzell"]
[BlackTeam "SC Höchst"]

1. e4 e5 2. Nf3 d6 3. Bc4 Nf6 4. Nc3 Nc6 5. h3 Be7 6. O-O O-O 7. d3 Be6 8. Bb3
d5 9. Ba4 dxe4 10. dxe4 Bd6 11. Bg5 Qe7 12. Nd5 Bxd5 13. exd5 e4 14. Re1 Ne5
15. Rxe4 Nxf3+ 16. Qxf3 Qxe4 17. Qb3 Qb4 18. Bxf6 Qxb3 19. Bxb3 gxf6 20. Rd1
Rfe8 21. c4 Re5 22. Rd4 Re1# 0-1

[Event "Frankfurt Ch B 2018"]
[Site "Ffm-Höchst, BiKuZ"]
[Date "2018.06.11"]
[Round "6.13"]
[White "Pessotschinski, Lars"]
[Black "Lassek, Bjarne"]
[Result "1-0"]
[WhiteElo "1251"]
[BlackElo "912"]
[PlyCount "69"]
[EventDate "2018.??.??"]
[WhiteTeam "TuS Makkabi"]
[BlackTeam "SC Nied"]

1. e4 e5 2. Nf3 Nc6 3. d4 exd4 4. Nxd4 Bc5 5. Nxc6 bxc6 6. Nc3 d6 7. Bc4 Nf6 8.
O-O O-O 9. Bg5 h6 10. Bh4 Re8 11. Qf3 Bd4 12. Bxf6 Qxf6 13. Qxf6 Bxf6 14. Rfe1
Bb7 15. Re3 d5 16. exd5 Rxe3 17. fxe3 Bxc3 18. dxc6 Bxc6 19. bxc3 Rd8 20. Rf1
Bd5 21. Rd1 c6 22. e4 Rc8 23. exd5 cxd5 24. Bxd5 Rxc3 25. Be4 g6 26. Rd7 a5 27.
Ra7 Rc4 28. Bd3 Ra4 29. Kf2 Kg7 30. c4 Rxa2+ 31. Kf3 Kf6 32. c5 Ke6 33. c6 Ra3
34. Ke4 Ra4+ 35. Ke3 1-0

[Event "Frankfurt Ch B 2018"]
[Site "Ffm-Höchst, BiKuZ"]
[Date "2018.06.11"]
[Round "6.14"]
[White "Thaler, Regina"]
[Black "Czinkota, Michael"]
[Result "0-1"]
[WhiteElo "1097"]
[BlackElo "1233"]
[PlyCount "70"]
[EventDate "2018.??.??"]
[WhiteTeam "SK Bad Homburg"]
[BlackTeam "SC Bad Soden"]

1. e3 d5 2. c4 c6 3. b3 Bf5 4. Ba3 Nf6 5. Nc3 Nbd7 6. d4 Qa5 7. Bb2 Ne4 8. Qc1
e6 9. a3 dxc4 10. b4 Bxb4 11. axb4 Qxb4 12. Be2 Nb6 13. Bd1 c5 14. Nge2 cxd4
15. Nxd4 Nc5 16. O-O O-O 17. Ba3 Qa5 18. Nxf5 exf5 19. Bf3 Rfd8 20. Bxc5 Qxc5
21. Bxb7 Rab8 22. Bf3 Nd7 23. Qa3 Qe5 24. Rab1 h6 25. Rfc1 Nc5 26. Rb5 Rxb5 27.
Nxb5 Nd3 28. Nxa7 Nxc1 29. Nc6 Qb5 30. Qxc1 Rd3 31. Nd4 Qb4 32. Be2 Rd2 33. g3
c3 34. Bd1 Qb2 35. Nb3 Qxc1 0-1

[Event "Frankfurt Ch B 2018"]
[Site "Ffm-Höchst, BiKuZ"]
[Date "2018.06.11"]
[Round "6.15"]
[White "Wundram, Till"]
[Black "Landvoigt, Martin"]
[Result "0-1"]
[WhiteElo "917"]
[BlackElo "1218"]
[PlyCount "88"]
[EventDate "2018.??.??"]
[WhiteTeam "vereinslos"]
[BlackTeam "SF Friedberg"]

1. d4 d5 2. e3 Bf5 3. Nf3 a6 4. Nh4 Qc8 5. Nxf5 Qxf5 6. Bd3 Qd7 7. O-O e6 8.
Nd2 Nf6 9. f3 Be7 10. b3 O-O 11. Bb2 b6 12. e4 Ne8 13. e5 c5 14. c3 b5 15. a3
Nc6 16. f4 Qa7 17. Qh5 g6 18. Qg4 cxd4 19. cxd4 Nxd4 20. Kh1 Ng7 21. Qh3 Ngf5
22. g4 Nh4 23. f5 exf5 24. gxf5 Nhxf5 25. b4 Bg5 26. Nf3 Nxf3 27. Rxf3 Nh4 28.
Rff1 Qb7 29. Rae1 d4+ 30. Be4 Qc8 31. Qb3 Rb8 32. Bd5 Nf5 33. e6 Rb7 34. Bxb7
Qxb7+ 35. Qf3 Qxf3+ 36. Rxf3 fxe6 37. Rxe6 Ra8 38. Rf2 Be3 39. Rc2 d3 40. Rcc6
d2 41. Rcd6 Nxd6 42. Rxd6 Ra7 43. Bc3 Bf4 44. Bxd2 Bxd6 0-1

[Event "Frankfurt Ch B 2018"]
[Site "Ffm-Höchst, BiKuZ"]
[Date "2018.06.11"]
[Round "6.16"]
[White "Brendel, Lutz"]
[Black "Fredershausen, Kurt"]
[Result "1/2-1/2"]
[WhiteElo "1450"]
[BlackElo "1089"]
[PlyCount "112"]
[EventDate "2018.??.??"]
[WhiteTeam "Schach AG des FDG"]
[BlackTeam "SC Bad Soden"]

1. e4 c5 2. Nf3 Nc6 3. Nc3 e6 4. Bb5 a6 5. Bxc6 bxc6 6. e5 Ne7 7. O-O Nd5 8.
Ne4 h6 9. c4 Nb6 10. b3 d6 11. exd6 Bxd6 12. Nxd6+ Qxd6 13. Bb2 O-O 14. Ne5 Nd7
15. Ng4 f5 16. Ne3 Nf6 17. f4 Bd7 18. Qe2 Be8 19. h3 Qd7 20. Rad1 Bh5 21. g4
fxg4 22. Bxf6 Rxf6 23. Nxg4 Bxg4 24. hxg4 Qd4+ 25. Qe3 Raf8 26. Rde1 Qxe3+ 27.
Rxe3 Rxf4 28. Rxf4 Rxf4 29. Rxe6 Rxg4+ 30. Kh2 Rd4 31. Rxc6 Rxd2+ 32. Kg1 Rxa2
33. Rxc5 Rb2 34. Rc8+ Kf7 35. c5 Rxb3 36. c6 Rc3 37. c7 Ke7 38. Rg8 Rxc7 39.
Rxg7+ Kd8 40. Rg8+ Kd7 41. Rg7+ Kc8 42. Rg6 Kb7 43. Rxh6 Rc6 44. Rh7+ Kb6 45.
Kf2 Kb5 46. Ke2 a5 47. Kd2 a4 48. Rb7+ Rb6 49. Rxb6+ Kxb6 50. Kc2 Kb5 51. Kb1
Kb4 52. Kb2 a3+ 53. Ka1 Kb3 54. Kb1 Kb4 55. Ka1 Ka4 56. Ka2 Kb4 1/2-1/2

[Event "Frankfurt Ch B 2018"]
[Site "Ffm-Höchst, BiKuZ"]
[Date "2018.06.11"]
[Round "6.17"]
[White "Häfner, Günther"]
[Black "Kattenbusch, Sebastian"]
[Result "1-0"]
[WhiteElo "1100"]
[BlackElo "1211"]
[PlyCount "68"]
[EventDate "2018.??.??"]
[WhiteTeam "FV Berkersheim"]
[BlackTeam "SF Friedberg"]

1. e4 e5 2. Nf3 Nc6 3. d4 d6 4. Bc4 Nf6 5. Nc3 Bg4 6. Qd3 Bxf3 7. Qxf3 Nxd4 8.
Qd3 Be7 9. O-O O-O 10. Nd5 c6 11. Nxf6+ Bxf6 12. c3 d5 13. Bb3 Nxb3 14. axb3 d4
15. Bd2 Rc8 16. Rxa7 Rc7 17. c4 Qb8 18. Ra4 c5 19. b4 b6 20. b5 Ra7 21. b3 Qa8
22. Rfa1 Rxa4 23. bxa4 Bd8 24. Qg3 Re8 25. Bh6 g6 26. f3 Bf6 27. Bg5 Bxg5 28.
Qxg5 d3 29. Qd2 Qd8 30. Ra3 f5 31. Rxd3 Qa8 32. Rd7 fxe4 33. Qh6 Re7 34. Rxe7
Qf8 1-0

[Event "Frankfurt Ch B 2018"]
[Site "Ffm-Höchst, BiKuZ"]
[Date "2018.06.11"]
[Round "6.18"]
[White "Schäfer, Dieter"]
[Black "von Borstel, Torben"]
[Result "0-1"]
[WhiteElo "1283"]
[BlackElo "1151"]
[PlyCount "90"]
[EventDate "2018.??.??"]
[WhiteTeam "SV Ffm-Griesheim"]
[BlackTeam "Hildesheimer SV"]

1. e4 e5 2. Nf3 Nc6 3. Bb5 a6 4. Bxc6 dxc6 5. O-O Bd6 6. d4 exd4 7. Nxd4 Ne7 8.
Nd2 O-O 9. N2f3 c5 10. Ne2 Ng6 11. Ng3 Re8 12. Re1 b6 13. b3 Qf6 14. Rb1 Bb7
15. Bb2 Qd8 16. c4 Bxg3 17. Qxd8 Bxf2+ 18. Kxf2 Raxd8 19. e5 Bxf3 20. Kxf3 Rd2
21. Re2 Rxe2 22. Kxe2 Nxe5 23. Bxe5 Rxe5+ 24. Kf2 Kf8 25. Rd1 Ke7 26. Rd3 Re4
27. Rg3 Kf8 28. Rh3 h6 29. Rd3 Rd4 30. Rxd4 cxd4 31. Ke2 c5 32. h4 h5 33. g3
Ke7 34. Kf3 b5 35. Ke4 Ke6 36. Kf4 f6 37. Ke4 g5 38. hxg5 fxg5 39. Kf3 Ke5 40.
cxb5 axb5 41. a4 c4 42. a5 cxb3 43. a6 b2 44. a7 b1=Q 45. a8=Q Qh1+ 0-1

[Event "Frankfurt Ch A 2018"]
[Site "Ffm-Höchst, BiKuZ"]
[Date "2018.06.18"]
[Round "7.1"]
[White "Karsay, Pascal"]
[Black "Poetsch, Hagen"]
[Result "1/2-1/2"]
[WhiteElo "2174"]
[BlackElo "2505"]
[PlyCount "109"]
[EventDate "2018.??.??"]
[WhiteTeam "SK Gau-Algesheim"]
[BlackTeam "SC Heusenstamm"]

1. Nf3 Nf6 2. g3 b6 3. Bg2 Bb7 4. O-O g6 5. c4 Bg7 6. Nc3 O-O 7. Re1 Ne4 8.
Nxe4 Bxe4 9. d3 Bb7 10. e4 c5 11. d4 cxd4 12. Nxd4 d6 13. b3 a6 14. Bb2 b5 15.
Rc1 Nd7 16. Qd2 Qb6 17. Red1 Nf6 18. e5 dxe5 19. c5 Qc7 20. c6 Bc8 21. Nf3 Ne8
22. Qd8 Bh6 23. Rc5 f6 24. Bc3 Qa7 25. b4 Qc7 26. Nxe5 fxe5 27. Bxe5 Qxd8 28.
Rxd8 Nf6 29. c7 Ra7 30. Rc2 a5 31. Bd4 Ra6 32. Rxc8 Rxc8 33. Bb7 Rxc7 34. Rxc7
Rd6 35. Bc5 Rd1+ 36. Kg2 axb4 37. Bxe7 Ne8 38. Rc8 Rd7 39. Bxb4 Rxb7 40. Rxe8+
Kf7 41. Re5 Bg7 42. Re2 Rd7 43. a3 Bf6 44. Rd2 Rxd2 45. Bxd2 Ke6 46. f4 Kd5 47.
Bb4 Ke4 48. Kf2 h5 49. h4 Kd3 50. Kf3 Kc4 51. g4 Bxh4 52. f5 gxf5 53. gxh5 Bg5
54. Bf8 Kb3 55. h6 1/2-1/2

[Event "Frankfurt Ch A 2018"]
[Site "Ffm-Höchst, BiKuZ"]
[Date "2018.06.18"]
[Round "7.2"]
[White "Uwira, Oliver"]
[Black "Milov, Leonid"]
[Result "0-1"]
[WhiteElo "2186"]
[BlackElo "2428"]
[PlyCount "62"]
[EventDate "2018.??.??"]
[WhiteTeam "SC Nied"]
[BlackTeam "SC Noris-Tarrasch Nürnberg"]

1. e4 c5 2. Nf3 e6 3. d4 cxd4 4. Nxd4 Nc6 5. Nc3 Qc7 6. Be3 a6 7. Qf3 Nf6 8.
O-O-O Rb8 9. Be2 Bb4 10. Bf4 e5 11. Nxc6 bxc6 12. Bg5 Be7 13. Qe3 O-O 14. f4 h6
15. h4 d6 16. Qg3 Kh8 17. Rdf1 Rb4 18. fxe5 dxe5 19. Bxf6 Bxf6 20. Bg4 Qe7 21.
Rh3 Be6 22. Bxe6 Qxe6 23. Qe1 Rfb8 24. b3 a5 25. Rhf3 a4 26. g3 axb3 27. axb3
Be7 28. Rxf7 Bc5 29. Qd2 Rd4 30. R1f6 Ba3+ 31. Kb1 Qxf6 0-1

[Event "Frankfurt Ch A 2018"]
[Site "Ffm-HÃ¶chst, BiKuZ"]
[Date "2018.06.18"]
[Round "7.3"]
[White "Nehmert, Ulrich"]
[Black "Legde, Georg"]
[Result "1/2-1/2"]
[WhiteElo "2149"]
[BlackElo "2273"]
[PlyCount "74"]
[EventDate "2018.??.??"]
[WhiteTeam "Wiesbadener SV"]
[BlackTeam "Freibauer MÃ¶rlenbach"]

1. d4 Nf6 2. Nf3 e6 3. Bf4 c5 4. e3 d5 5. Nbd2 Nc6 6. c3 Bd6 7. Bg3 O-O 8. Bd3
b6 9. e4 Be7 10. e5 Nh5 11. Ng5 Bxg5 12. Qxh5 g6 13. Qe2 cxd4 14. h4 Bh6 15. h5
dxc3 16. bxc3 Bg7 17. hxg6 fxg6 18. f4 Qe7 19. Nb3 Bd7 20. Bh4 Qf7 21. Bg5 Ne7
22. g4 h6 23. Qh2 Rfc8 24. Bxh6 Rxc3 25. Kd2 Rac8 26. Bg5 Kf8 27. Nd4 R3c4 28.
Bxc4 Rxc4 29. Nb3 Ra4 30. Nc1 Nc6 31. Bh6 a5 32. Bxg7+ Qxg7 33. Qh8+ Qxh8 34.
Rxh8+ Ke7 35. Ne2 g5 36. Rh7+ Kd8 37. Rh8+ Kc7 1/2-1/2

[Event "Frankfurt Ch A 2018"]
[Site "Ffm-Höchst, BiKuZ"]
[Date "2018.06.18"]
[Round "7.5"]
[White "Weber, Samuel"]
[Black "Calvi, Stefan"]
[Result "1-0"]
[WhiteElo "2119"]
[BlackElo "2019"]
[PlyCount "67"]
[EventDate "2018.??.??"]
[WhiteTeam "SV Oberursel"]
[BlackTeam "SF Frankfurt"]

1. e4 c5 2. Nf3 Nc6 3. Bb5 g6 4. Bxc6 dxc6 5. d3 Bg7 6. h3 b6 7. O-O Nh6 8. a4
a5 9. Na3 f6 10. Nc4 e5 11. Be3 Be6 12. Nfd2 Ra6 13. Qe2 Nf7 14. f4 exf4 15.
Bxf4 O-O 16. Nf3 Bxc4 17. dxc4 Qe7 18. Rad1 Raa8 19. Rd3 g5 20. Bh2 f5 21. e5
f4 22. e6 Nd6 23. Nxg5 Bd4+ 24. Rxd4 cxd4 25. Bxf4 h6 26. Bxd6 Qxd6 27. Nf7 Qg3
28. e7 Rfe8 29. Nxh6+ Kh7 30. Rf7+ Kxh6 31. Qe6+ Qg6 32. Rf6 Qxf6 33. Qxf6+ Kh7
34. Qf7+ 1-0

[Event "Frankfurt Ch A 2018"]
[Site "Ffm-Höchst, BiKuZ"]
[Date "2018.06.18"]
[Round "7.6"]
[White "Tobon, Sebastian"]
[Black "Medvedovski, Michael"]
[Result "0-1"]
[WhiteElo "1800"]
[BlackElo "2115"]
[PlyCount "60"]
[EventDate "2018.??.??"]
[WhiteTeam "SC Heusenstamm"]
[BlackTeam "Frankfurter TV"]

1. e4 c5 2. Nf3 Nc6 3. d4 cxd4 4. Nxd4 e5 5. Nb5 d6 6. c4 Be6 7. N1c3 a6 8. Na3
Be7 9. Nc2 Rc8 10. Be2 Na5 11. b3 b5 12. Ne3 bxc4 13. bxc4 Nxc4 14. Nxc4 Bxc4
15. O-O Nf6 16. Be3 Qa5 17. Bd2 Qa3 18. Bxc4 Rxc4 19. Qf3 Qc5 20. Rac1 O-O 21.
g4 d5 22. exd5 Rxg4+ 23. Kh1 Qb6 24. Rce1 Bd6 25. h3 Rg6 26. Rg1 Qd4 27. Bg5
Rc8 28. Bxf6 Rxc3 29. Rxg6 Rxf3 30. Rxg7+ Kf8 0-1

[Event "Frankfurt Ch A 2018"]
[Site "Ffm-Höchst, BiKuZ"]
[Date "2018.06.18"]
[Round "7.7"]
[White "Koch, Markus"]
[Black "Schreiner, Roland"]
[Result "1-0"]
[WhiteElo "2039"]
[BlackElo "1968"]
[PlyCount "53"]
[EventDate "2018.??.??"]
[WhiteTeam "SC Brett vorm Kopp"]
[BlackTeam "SC Heusenstamm"]

1. d4 d5 2. c4 c6 3. Nf3 Nf6 4. Nc3 a6 5. Bf4 dxc4 6. a4 Nd5 7. Bg3 Nxc3 8.
bxc3 b5 9. e4 Bb7 10. Be2 e6 11. O-O Bd6 12. Qb1 Bxg3 13. fxg3 Qc7 14. Ng5 O-O
15. e5 g6 16. Ne4 Nd7 17. Qc1 Kg7 18. Rf4 h6 19. Rh4 Rh8 20. Qf4 c5 21. Rf1
Raf8 22. Nd6 Nb6 23. Qf6+ Kg8 24. Rhf4 Rh7 25. Qxg6+ fxg6 26. Rxf8+ Kg7 27.
Ne8# 1-0

[Event "Frankfurt Ch A 2018"]
[Site "Ffm-Höchst, BiKuZ"]
[Date "2018.06.18"]
[Round "7.8"]
[White "Neininger, Ralph"]
[Black "Steudel, Max"]
[Result "1-0"]
[WhiteElo "2123"]
[BlackElo "1943"]
[PlyCount "83"]
[EventDate "2018.??.??"]
[WhiteTeam "Frankfurter TV"]
[BlackTeam "SC Brett vorm Kopp"]

1. Nf3 d5 2. d4 e6 3. c4 c6 4. cxd5 exd5 5. Nc3 Bd6 6. Qc2 f5 7. Bg5 Nf6 8.
Bxf6 gxf6 9. g3 f4 10. gxf4 Bxf4 11. e3 Bh6 12. Bd3 Bg4 13. Nh4 Qe7 14. Rg1 Be6
15. Qe2 Qf7 16. Bf5 Bxf5 17. Nxf5 Bf8 18. Rg7 Qe6 19. Re7+ Qxe7 20. Nxe7 Bxe7
21. Qh5+ Kd8 22. O-O-O Bb4 23. Rg1 Nd7 24. Rg7 Kc7 25. Rxh7 Rhg8 26. Ne2 Bd6
27. Qf5 Rad8 28. Nf4 Bxf4 29. Qxf4+ Kc8 30. h4 c5 31. h5 cxd4 32. exd4 Rge8 33.
Qd6 Re1+ 34. Kd2 Rf1 35. Ke2 Rc1 36. Qxd5 Rc6 37. Rg7 f5 38. Rg8 Rc2+ 39. Kf1
Rxb2 40. h6 Kc7 41. Rxd8 Kxd8 42. h7 1-0

[Event "Frankfurt Ch A 2018"]
[Site "Ffm-Höchst, BiKuZ"]
[Date "2018.06.18"]
[Round "7.9"]
[White "Rondonuwu, Grover"]
[Black "Thomas, Norbert"]
[Result "1/2-1/2"]
[WhiteElo "2036"]
[BlackElo "1915"]
[PlyCount "89"]
[EventDate "2018.??.??"]
[WhiteTeam "Frankfurter TV"]
[BlackTeam "SC Frankfurt-West"]

1. d4 d6 2. Nf3 Bg4 3. Bf4 Nd7 4. Nbd2 c5 5. c3 Ngf6 6. h3 Bxf3 7. Nxf3 g6 8.
e3 Bg7 9. Be2 O-O 10. O-O Qc7 11. Bh2 a6 12. a4 Rac8 13. Qb1 Nb8 14. Rc1 b6 15.
b4 Qa7 16. Qb3 Nbd7 17. a5 b5 18. bxc5 dxc5 19. c4 cxd4 20. exd4 bxc4 21. Bxc4
e6 22. Rab1 Rc6 23. Bf1 Rxc1 24. Rxc1 Nd5 25. Qa4 Qb7 26. Bxa6 Qxa6 27. Qxd7
Qxa5 28. Bd6 Qd8 29. Qc6 Re8 30. Ne5 Bxe5 31. dxe5 Qa8 32. Qc5 h6 33. Qd4 Qd8
34. Ra1 Qg5 35. g3 Rc8 36. Kg2 h5 37. Qb2 Qf5 38. Ra2 h4 39. Qd2 hxg3 40. fxg3
Qe4+ 41. Kh2 Ne3 42. Qf2 Rc2 43. Rxc2 Qxc2 44. Qxc2 Nxc2 45. Be7 1/2-1/2

[Event "Frankfurt Ch A 2018"]
[Site "Ffm-Höchst, BiKuZ"]
[Date "2018.06.18"]
[Round "7.10"]
[White "Rutsatz, Mario"]
[Black "Nekhamkis, Genadi"]
[Result "1-0"]
[WhiteElo "1941"]
[BlackElo "1992"]
[PlyCount "0"]
[EventDate "2018.??.??"]
[WhiteTeam "SF Frankfurt"]
[BlackTeam "SK Marburg"]

1. c4 e5 2. g3 Nc6 3. Bg2 f5 4. Nc3 Nf6 5. e3 Be7 6. d4 e4 7. f3 exf3 8. Nxf3
O-O 9. O-O d6 10. Bd2 Qe8 11. Nd5 Bd8 12. b4 Ne4 13. b5 Ne7 14. Nc3 Nf6 15. Qb3
Kh8 16. Rae1 Qh5 17. e4 Ng6 18. e5 Ng4 19. h3 Nh6 20. e6 Re8 21. d5 Bf6 22. Ne2
Ne5 23. Nf4 Nxf3+ 24. Bxf3 Qg5 25. Kg2 Be5 26. Qd3 Qf6 27. Nh5 Qg6 28. Bc3 Bxe6
29. dxe6 Rxe6 30. Bxe5 dxe5 31. Qd5 c6 32. Qd7 Rae8 33. Qxb7 cxb5 34. cxb5 f4
35. Qe4 Nf5 36. Kh1 Nxg3+ 37. Nxg3 Qxg3 38. Bg2 g5 39. Qf3 Qh4 40. Qc3 Kg7 41.
Re4 Kf6 42. Rc4 Kg6 43. Be4+ Kh6 44. Rc7 R8e7 45. Bf5 g4 46. Rxe7 Rxe7 47. Bxg4
Qg5 48. Rg1 e4 49. Qc6+ Qg6 50. Qxg6+ hxg6 51. Re1 Kg5 52. Kg2 Kf6 53. Kf2 Ke5
54. Re2 Rb7 55. a4 Kd4 {rest unklar} 1-0

[Event "Frankfurt Ch A 2018"]
[Site "Ffm-Höchst, BiKuZ"]
[Date "2018.06.18"]
[Round "7.11"]
[White "Kuhn, Gerhard"]
[Black "Krüger, Till"]
[Result "1/2-1/2"]
[WhiteElo "1927"]
[BlackElo "1956"]
[PlyCount "107"]
[EventDate "2018.??.??"]
[WhiteTeam "SK Marburg"]
[BlackTeam "SC Nidderau"]

1. e4 d6 2. d4 Nf6 3. Nc3 e5 4. Nf3 exd4 5. Nxd4 Be7 6. Be2 O-O 7. O-O Re8 8.
f4 c5 9. Nf3 Nc6 10. Kh1 a6 11. a4 Bf8 12. e5 dxe5 13. Qxd8 Rxd8 14. fxe5 Ne8
15. Bf4 h6 16. Rad1 Be6 17. Nb1 c4 18. Nbd2 b5 19. axb5 axb5 20. b3 g5 21. Bg3
g4 22. Ng1 cxb3 23. Nxb3 Nc7 24. h3 h5 25. Bd3 Bd5 26. Bf5 Be6 27. Be4 Nd5 28.
Bh4 Rd7 29. Nd4 Nxd4 30. Rxd4 Ra4 31. Rfd1 Rxd4 32. Rxd4 Bg7 33. Bg3 Ne3 34.
Rxd7 Bxd7 35. hxg4 hxg4 36. Ne2 Nc4 37. Kg1 Nxe5 38. Kf2 Nc4 39. Bf4 Be6 40. c3
Ne5 41. Ke3 Nc4+ 42. Kf2 f5 43. Bc6 Nb2 44. Bxb5 Nd1+ 45. Kg3 Nxc3 46. Nxc3
Bxc3 47. Bd6 Kf7 48. Bc6 Kf6 49. Bf8 Be5+ 50. Kf2 f4 51. g3 Bd4+ 52. Kg2 f3+
53. Bxf3 gxf3+ 54. Kxf3 1/2-1/2

[Event "Frankfurt Ch A 2018"]
[Site "Ffm-Höchst, BiKuZ"]
[Date "2018.06.18"]
[Round "7.12"]
[White "Bagatsch, Thomas"]
[Black "Gräbner, Walter"]
[Result "1/2-1/2"]
[WhiteElo "1944"]
[BlackElo "1874"]
[PlyCount "92"]
[EventDate "2018.??.??"]
[WhiteTeam "SC Brett vorm Kopp"]
[BlackTeam "SC Nied"]

1. e4 c6 2. c4 d5 3. exd5 cxd5 4. cxd5 Nf6 5. Bb5+ Bd7 6. Bc4 b5 7. Bb3 g6 8.
Qe2 Bg7 9. d6 e6 10. Nc3 a6 11. d4 O-O 12. Nf3 b4 13. Ne4 Bb5 14. Nxf6+ Bxf6
15. Qe4 Nd7 16. Bd2 a5 17. Rc1 Qb6 18. Bf4 Rac8 19. Rc7 a4 20. Bd1 Bc6 21. Qc2
Bb7 22. Qxa4 Bxd4 23. Qxd7 Ba6 24. Nxd4 Qxd4 25. Be3 Qe4 26. Rg1 Rcd8 27. Qc6
Qd3 28. d7 Bb5 29. Qc2 Qd6 30. Qc5 Qxh2 31. f3 Bxd7 32. Qxb4 Qg3+ 33. Ke2 Qxc7
34. Bb3 Rb8 35. Qd4 e5 36. Qh4 Rxb3 37. axb3 Qc2+ 38. Bd2 Bb5+ 39. Ke1 Qd3 40.
Qe4 Qxb3 41. Bc3 f5 42. Qb4 Qd5 43. Kf2 Re8 44. Ra1 Qc4 45. Qd6 Qe2+ 46. Kg1
Qe3+ 1/2-1/2

[Event "Frankfurt Ch A 2018"]
[Site "Ffm-Höchst, BiKuZ"]
[Date "2018.06.18"]
[Round "7.13"]
[White "Zimmermann, Rolf"]
[Black "Menning, Uwe"]
[Result "1-0"]
[WhiteElo "2124"]
[BlackElo "1810"]
[PlyCount "119"]
[EventDate "2018.??.??"]
[WhiteTeam "SC Tornado Hochneukirch"]
[BlackTeam "FC Bierstadt"]

1. c4 e5 2. Nc3 Nc6 3. g3 b6 4. Bg2 Bb7 5. e3 Na5 6. Bxb7 Nxb7 7. Nf3 Bd6 8.
Ne4 Qe7 9. O-O Nf6 10. Nxd6+ Nxd6 11. d4 e4 12. Ne5 Nb7 13. Ng4 h5 14. Nxf6+
gxf6 15. f3 f5 16. fxe4 fxe4 17. Rf4 O-O-O 18. Rh4 Qg5 19. Rxe4 Rdg8 20. Qf3 h4
21. g4 f5 22. Rf4 fxg4 23. Qd5 Qxd5 24. cxd5 h3 25. Bd2 g3 26. hxg3 Rxg3+ 27.
Kh1 Rg2 28. Bc3 Nd6 29. Rg1 Rxg1+ 30. Kxg1 Nc4 31. e4 Rg8+ 32. Kh2 Rg2+ 33.
Kxh3 Re2 34. Rf8+ Kb7 35. e5 Ne3 36. Rd8 Nxd5 37. Rxd7 Nxc3 38. bxc3 Rxa2 39.
d5 Kc8 40. e6 a5 41. Rh7 Kd8 42. Rh8+ Ke7 43. Rc8 Kd6 44. c4 Re2 45. Kg3 Re4
46. Rd8+ Kc5 47. Kf3 Re1 48. Kf4 Kxc4 49. Kf5 a4 50. Kf6 b5 51. e7 a3 52. Rd7
b4 53. Rxc7+ Kxd5 54. Ra7 Kc4 55. Ra6 Rxe7 56. Kxe7 Kb3 57. Kd6 Kb2 58. Kc5 b3
59. Kb4 a2 60. Ra3 1-0

[Event "Frankfurt Ch A 2018"]
[Site "Ffm-Höchst, BiKuZ"]
[Date "2018.06.18"]
[Round "7.15"]
[White "Adair, Robin"]
[Black "Schmidt, Markus"]
[Result "0-1"]
[WhiteElo "1811"]
[BlackElo "2034"]
[PlyCount "62"]
[EventDate "2018.??.??"]
[WhiteTeam "SC Nidderau"]
[BlackTeam "SK Turm Bad Hersfeld"]

1. c4 c5 2. Nf3 Nf6 3. g3 g6 4. Bg2 Bg7 5. O-O O-O 6. d4 cxd4 7. Nxd4 Nc6 8.
Nc3 Ng4 9. e3 d6 10. Nxc6 bxc6 11. Bxc6 Rb8 12. Qe2 Ne5 13. Bg2 Ba6 14. Rd1
Nxc4 15. Qc2 Qa5 16. Nd5 Rfe8 17. b4 Rxb4 18. Nxb4 Bxa1 19. Nxa6 Qxa6 20. Bf1
Rc8 21. Qb3 Qc6 22. Bg2 Qc7 23. e4 Bf6 24. h4 h5 25. Bf4 Rb8 26. Qc2 Rb2 27.
Qa4 Qb6 28. Rf1 Nd2 29. Qe8+ Kg7 30. Rc1 Nf3+ 31. Kh1 Qxf2 0-1

[Event "Frankfurt Ch A 2018"]
[Site "Ffm-Höchst, BiKuZ"]
[Date "2018.06.18"]
[Round "7.16"]
[White "Nagelsdiek, Ralf"]
[Black "Hochmuth, Christian"]
[Result "1/2-1/2"]
[WhiteElo "1991"]
[BlackElo "1896"]
[PlyCount "86"]
[EventDate "2018.??.??"]
[WhiteTeam "SC Bad Soden"]
[BlackTeam "SG Wächtersbach"]

1. c4 Nf6 2. Nc3 g6 3. e4 d6 4. g3 c5 5. Bg2 Nc6 6. Nge2 Bg7 7. O-O O-O 8. d3
Bg4 9. h3 Bxe2 10. Nxe2 e5 11. f4 exf4 12. gxf4 Nd7 13. Be3 f5 14. Qd2 Qe7 15.
Rfe1 Nb6 16. Rac1 Rad8 17. b3 Kh8 18. Kh2 Rd7 19. Rcd1 Rfd8 20. Nc3 Qf6 21. Nd5
Nxd5 22. cxd5 Nd4 23. Bxd4 Qxd4 24. exf5 gxf5 25. Qe3 Qb4 26. Bf3 Bh6 27. d4
cxd4 28. Rxd4 Qb6 29. Be2 Rg8 30. Bf3 Re7 31. Qc3 Rxe1 32. Rb4+ Bg7 33. Qxe1
Qa5 34. Qd2 b6 35. Bg2 Rc8 36. a3 Qxa3 37. Ra4 Qxb3 38. Rxa7 Qc3 39. Qxc3 Bxc3
40. Rb7 Bd2 41. Bf1 Bxf4+ 42. Kg2 Be3 43. Bd3 Rf8 1/2-1/2

[Event "Frankfurt Ch A 2018"]
[Site "Ffm-Höchst, BiKuZ"]
[Date "2018.06.18"]
[Round "7.17"]
[White "Bischoff, Ulrich"]
[Black "Bittner, Peter"]
[Result "1-0"]
[WhiteElo "1991"]
[BlackElo "1798"]
[PlyCount "59"]
[EventDate "2018.??.??"]
[WhiteTeam "Sfr. Erbach"]
[BlackTeam "SC Nied"]

1. d4 Nf6 2. c4 e6 3. g3 d5 4. Bg2 c6 5. Nf3 Be7 6. O-O O-O 7. Qc2 Nbd7 8. Rd1
Ne4 9. Nfd2 f5 10. f3 Nd6 11. e4 fxe4 12. fxe4 Bg5 13. exd5 exd5 14. cxd5 cxd5
15. Nf3 Bxc1 16. Rxc1 Nc4 17. Re1 Nf6 18. Ne5 Qb6 19. Nxc4 dxc4 20. Qxc4+ Kh8
21. Qc5 Qd8 22. Nc3 Bg4 23. h3 Bh5 24. Re7 Rc8 25. Qe5 Ne8 26. Re1 Bg6 27. Bxb7
Rc4 28. Bd5 Rc7 29. h4 Bd3 30. Rxe8 1-0